| 000 | 00376nam a2200157 a 4500 | ||
|---|---|---|---|
| 001 | 749 | ||
| 003 | CDMR | ||
| 005 | 20130228193531.0 | ||
| 008 | 130130s1961||||||||||||||||||||||||||||d | ||
| 040 |
_aCDMR _bcat _cCDMR |
||
| 100 | 1 |
_aBlánquez Fraile, Agustín _9579 |
|
| 245 | 1 | 0 | _aDiccionario latino-español |
| 260 |
_aBarcelona _c1961 _bSopena |
||
| 300 | _a2 v. | ||
| 942 |
_cMON _2ddc |
||
| 999 |
_c749 _d749 |
||